000
00331nam a2200145 a 4500
008
990812s1970||||xx 0 und c
040
_a
SNK
_b
slo
_c
SNK
_e
AACR2
100
1
_a
Melville, Herman
245
1
0
_a
Billy Budd
260
_a
Bratislava
_b
Tatran
_c
1970
300
_a
329 s.
020
_c
21
041
_a
slo
044
_a
xo
_c
SK
999
_c
12237
_d
12237